[Event "Stary Smokovec"]
[Site "Stary Smokovec"]
[Date "1973.??.??"]
[Round "5"]
[White "Petrik, Karol"]
[Black "Novak, Ivan"]
[Result "0-1"]
[WhiteElo "2200"]
[BlackElo "2330"]

1.c4 Nf6 2.d4 g6 3.Nc3 d5 4.cxd5 Nxd5 5.e4 Nxc3 6.bxc3 Bg7 7.Bc4 c5 8.Ne2 O-O
9.O-O Nc6 10.Be3 Qc7 11.Rc1 Rd8 12.f4 Bg4 13.f5 cxd4 14.Bxf7+ Kh8 15.cxd4 Qb6
16.Rc2 Bxd4 17.Bxd4+ Nxd4 18.Qa1 Bxe2 19.Rxe2 Qf6 20.Re3 Qxf7 21.fxg6 Qxg6
22.Rg3 Qb6 23.Rf7 Rg8 24.Rb3 Qc5 25.Rxb7 Rg7 26.Rf2 Nf3+  0-1

[Event "BCF-ch"]
[Site "Clacton on Sea"]
[Date "1974.08.09"]
[Round "5"]
[White "Bennett, Gerald H"]
[Black "Lightfoot, MJ."]
[Result "1-0"]
[WhiteElo "2200"]
[BlackElo "2200"]

1.c4 g6 2.d4 Nf6 3.Nc3 d5 4.cxd5 Nxd5 5.e4 Nxc3 6.bxc3 Bg7 7.Bc4 c5 8.Ne2 Nc6
9.Be3 O-O 10.O-O Qc7 11.Rc1 Rd8 12.Bf4 Qd7 13.dxc5 Qe8 14.Bd5 Bd7 15.Qc2 e6
16.Bb3 Ne5 17.h3 Qe7 18.Be3 Bb5 19.c4 Ba6 20.Nf4 Nd7 21.Nd3 Rac8 22.Rfd1 b6
23.cxb6 axb6 24.Qe2 Rc7 25.Bf4 e5 26.Bd2 Rdc8 27.Nb4 Bb7 28.Nd5 Bxd5 29.cxd5 Rxc1
30.Bxc1 Nc5 31.Bb2 Qd7 32.Rc1 Bh6 33.Rc4 f6 34.Qc2 Bf8 35.Ba3 Bd6 36.Bb4 Rc7
37.Bd2 Qc8 38.Ba4 Qa6 39.Bc6  1-0

[Event "DSV-Turnier"]
[Site "Halle"]
[Date "1974.??.??"]
[Round "?"]
[White "Knaak, Rainer"]
[Black "Savon, Vladimir A"]
[Result "1/2-1/2"]
[WhiteElo "2515"]
[BlackElo "2575"]

1.d4 Nf6 2.c4 g6 3.Nc3 d5 4.cxd5 Nxd5 5.e4 Nxc3 6.bxc3 Bg7 7.Bc4 c5 8.Ne2 O-O
9.O-O Nc6 10.Be3 Qc7 11.Rc1 b6 12.f4 e6 13.f5 exf5 14.exf5 Qe7 15.Qd2 Bxf5
16.Bg5 Qd7 17.Ng3 Na5 18.Be2 cxd4 19.Nxf5 gxf5 20.c4 Nb7 21.Bd3 Nd6 22.Bh6 Bxh6
23.Qxh6 Qe6 24.Qg5+ Qg6 25.Qh4 Rfe8  1/2-1/2

[Event "DSV-Turnier"]
[Site "Halle"]
[Date "1974.??.??"]
[Round "?"]
[White "Knaak, Rainer"]
[Black "Smejkal, Jan"]
[Result "1-0"]
[WhiteElo "2515"]
[BlackElo "2600"]

1.d4 Nf6 2.c4 g6 3.Nc3 d5 4.cxd5 Nxd5 5.e4 Nxc3 6.bxc3 Bg7 7.Bc4 c5 8.Ne2 O-O
9.O-O Nc6 10.Be3 Na5 11.Bd3 b6 12.Rc1 Bb7 13.d5 c4 14.Bb1 e6 15.dxe6 fxe6
16.Qxd8 Raxd8 17.Nd4 Kf7 18.f4 Nc6 19.f5 Nxd4 20.cxd4 Bxd4 21.Bxd4 Rxd4 22.fxg6+ Kg7
23.Rxf8 Kxf8 24.gxh7 Kg7 25.Kf2 e5 26.Ke3 Kxh7 27.Bc2 Bc8 28.Rf1 Kg7 29.g4 b5
30.g5 Bg4 31.Rb1 a6 32.h4 Rd8 33.a4 Rf8 34.axb5 Rf3+ 35.Kd2 axb5 36.Rxb5 c3+
37.Ke1 Rh3 38.Bb3 Re3+ 39.Kf2 Rxe4 40.Rb7+ Kh8 41.g6  1-0

[Event "DSV-Turnier"]
[Site "Halle"]
[Date "1974.??.??"]
[Round "?"]
[White "Knaak, Rainer"]
[Black "Liebert, Heinz"]
[Result "1/2-1/2"]
[WhiteElo "2515"]
[BlackElo "2445"]

1.d4 Nf6 2.c4 g6 3.Nc3 d5 4.cxd5 Nxd5 5.e4 Nxc3 6.bxc3 Bg7 7.Bc4 c5 8.Ne2 Nc6
9.Be3 O-O 10.O-O Qc7 11.Rc1 Rd8 12.Bf4 Qd7 13.dxc5 Ne5 14.Bxe5 Bxe5 15.Qb3 e6
16.Rcd1 Qe7 17.Rxd8+ Qxd8 18.Rd1 Qe7 19.Qb4 Kg7 20.Nd4 Rb8 21.Bb5 Bc7 22.Nc2 a5
23.Qc4 e5 24.Ne3 Be6 25.Nd5 Rd8 26.Ba4 Qf8 27.Rb1 Rb8 28.h3 b6 29.c6 Rd8
30.Rd1 Bxd5 31.Rxd5 Rxd5 32.Qxd5 Qa3 33.Qd7 Qd6 34.Qxd6 Bxd6 35.Kf1 Kf8 36.Bb5 Ke7
37.Bc4 f6 38.Ke2 h6 39.a4 Bc5 40.Bg8 Kd6 41.Bf7 Kxc6 42.Bxg6 Kd6  1/2-1/2

[Event "HUN-ch"]
[Site "?"]
[Date "1974.??.??"]
[Round "?"]
[White "Lukacs, Peter"]
[Black "Adorjan, Andras"]
[Result "1/2-1/2"]
[WhiteElo "2345"]
[BlackElo "2515"]

1.d4 Nf6 2.c4 g6 3.Nc3 d5 4.cxd5 Nxd5 5.e4 Nxc3 6.bxc3 Bg7 7.Bc4 O-O 8.Ne2 b6
9.h4 Nc6 10.a3 Na5 11.Ba2 Ba6 12.h5 e5 13.hxg6 hxg6 14.Ng3 Re8 15.Qg4 Qf6
16.Bg5 Qc6 17.Rc1 Bc4 18.Bxc4 Nxc4 19.Qh4 Qd6 20.Qh7+ Kf8 21.O-O  1/2-1/2

[Event "NLD-ch Leeuwarden"]
[Site "Leeuwarden"]
[Date "1974.??.??"]
[Round "6"]
[White "Donner, Jan Hein"]
[Black "Van Dop, Arend J"]
[Result "1-0"]
[WhiteElo "2495"]
[BlackElo "2340"]

1.d4 Nf6 2.c4 g6 3.Nc3 d5 4.cxd5 Nxd5 5.e4 Nxc3 6.bxc3 Bg7 7.Bc4 O-O 8.Ne2 c5
9.O-O Nc6 10.Be3 Qc7 11.Qc1 cxd4 12.cxd4 Bd7 13.Qc2 Rac8 14.Rac1 Qa5 15.Qb1 Rfd8
16.Rfd1 Be8 17.h3 Qb4 18.Bb3 Kh8 19.Rc4 Qb5 20.Rdc1 Ra8 21.Nc3 Qa6 22.Nd5 Na5
23.Nc7 Qf6 24.R4c3 Nxb3 25.Rxb3 b6 26.Nxa8 Rxa8 27.Rbc3 Qe6 28.Qc2 Bd7 29.Rc7 h6
30.Qd2 Kh7 31.d5 Qd6 32.f4  1-0

[Event "Lublin"]
[Site "Lublin"]
[Date "1974.??.??"]
[Round "1"]
[White "Sydor, Andrzej"]
[Black "Liebert, Heinz"]
[Result "1/2-1/2"]
[WhiteElo "2395"]
[BlackElo "2445"]

1.d4 Nf6 2.c4 g6 3.Nc3 d5 4.cxd5 Nxd5 5.e4 Nxc3 6.bxc3 Bg7 7.Bc4 O-O 8.Ne2 Nc6
9.Be3 b6 10.Qd2 Na5 11.Bd3 c5 12.Rd1 e5 13.Bh6 exd4 14.cxd4 cxd4 15.Bxg7 Kxg7
16.Qb2 Qf6 17.Qxd4 Qxd4 18.Nxd4  1/2-1/2

[Event "FRG-ch"]
[Site "Menden"]
[Date "1974.??.??"]
[Round "?"]
[White "Hund, Gerhard"]
[Black "Mallee, Ralph"]
[Result "0-1"]
[WhiteElo "2200"]
[BlackElo "2200"]

1.d4 Nf6 2.c4 g6 3.Nc3 d5 4.cxd5 Nxd5 5.e4 Nxc3 6.bxc3 Bg7 7.Bc4 c5 8.Ne2 cxd4
9.cxd4 Nc6 10.Be3 O-O 11.O-O Bg4 12.f3 Na5 13.Bxf7+ Rxf7 14.fxg4 Rxf1+ 15.Qxf1 Nc4
16.Qf3 Qb6 17.Bf2 Qb2 18.Qc3 Qxe2 19.Re1 Qxa2 20.Ra1 Qb2 21.Qxc4+ Kh8 22.Rd1 a5
23.Bh4 b5 24.Qd5 Rf8 25.h3 Qb4 26.e5 a4 27.Qd7 Qb3 28.Rc1 Qe3+  0-1

[Event "FRG-ch"]
[Site "Menden"]
[Date "1974.??.??"]
[Round "?"]
[White "Muender, Michael"]
[Black "Nicolai, Werner"]
[Result "0-1"]
[WhiteElo "2200"]
[BlackElo "2200"]

1.d4 Nf6 2.c4 g6 3.Nc3 d5 4.cxd5 Nxd5 5.e4 Nxc3 6.bxc3 Bg7 7.Bc4 c5 8.Ne2 Nc6
9.Be3 O-O 10.O-O Qc7 11.Rc1 Rd8 12.f4 Na5 13.Bd3 f5 14.e5 b6 15.g4 e6 16.Ng3 Qd7
17.Rf2 Bb7 18.h4 Nc6 19.Bc4 Na5 20.Bf1 cxd4 21.cxd4 Qe7 22.Rh2 Qa3 23.Bf2 Rac8
24.Rxc8 Rxc8 25.gxf5 gxf5 26.d5 Rc1 27.Qh5 Bxd5 28.Qg5 h6 29.Qg6 Qf3 30.Bd4 Nc6
31.Rf2 Rxf1+  0-1

[Event "Nice olm fin-A"]
[Site "Nice"]
[Date "1974.??.??"]
[Round "1"]
[White "Gheorghiu, Florin"]
[Black "Hartston, William R"]
[Result "1/2-1/2"]
[WhiteElo "2540"]
[BlackElo "2480"]

1.c4 g6 2.d4 Nf6 3.Nc3 d5 4.cxd5 Nxd5 5.e4 Nxc3 6.bxc3 Bg7 7.Bc4 O-O 8.Ne2 Nc6
9.Be3 b6 10.Qd2 Na5 11.Bd3 c5 12.O-O Bb7 13.Bh6 Bxh6 14.Qxh6 cxd4 15.cxd4 e6
16.Rad1 Qe7 17.Nf4 e5 18.dxe5 Qxe5 19.Rfe1 Rad8 20.h4  1/2-1/2

[Event "Nice olm prel"]
[Site "Nice"]
[Date "1974.??.??"]
[Round "1"]
[White "Olsen, Heini"]
[Black "Vassiades, C."]
[Result "1-0"]
[WhiteElo "2200"]
[BlackElo "2200"]

1.d4 Nf6 2.c4 g6 3.Nc3 d5 4.cxd5 Nxd5 5.e4 Nxc3 6.bxc3 Bg7 7.Nf3 c5 8.Bc4 O-O
9.O-O Bg4 10.Qd3 Bxf3 11.Qxf3 cxd4 12.Bb2 Nc6 13.cxd4 Nxd4 14.Qd3 e5 15.Rab1 Rb8
16.Bd5 Nc6 17.Ba3 Re8 18.Rfd1 Qf6 19.Bd6 Rbd8 20.Bc7 Rd7 21.Rxb7 Ree7 22.Qb5 Nd4
23.Qc4 h5 24.Rb8+ Kh7 25.Bd8 Qd6 26.Bxe7 Qxb8 27.Ba3 Qd8 28.h3 f5 29.f3 Rc7
30.Qd3 Rc3 31.Qa6 Qg5 32.exf5 gxf5 33.Rf1 Rc2 34.Rf2 Rxf2 35.Kxf2 Qd2+ 36.Kg1 Ne2+
37.Kh2 Qf4+ 38.Kh1 Ng3+ 39.Kg1 Ne2+ 40.Kf1  1-0

[Event "Nice olm prel"]
[Site "Nice"]
[Date "1974.??.??"]
[Round "9"]
[White "Timman, Jan H"]
[Black "Sanguineti, Raul"]
[Result "1/2-1/2"]
[WhiteElo "2540"]
[BlackElo "2530"]

1.d4 Nf6 2.c4 g6 3.Nc3 d5 4.cxd5 Nxd5 5.e4 Nxc3 6.bxc3 Bg7 7.Bc4 O-O 8.Ne2 Nc6
9.Be3 b6 10.Qd2 Na5 11.Bd3 c5 12.Bh6 cxd4 13.Bxg7 Kxg7 14.cxd4 e6 15.h4 h5
16.e5 Bb7 17.Nf4 Re8 18.Bb5 Rh8 19.Rh3 Rc8 20.Rd1 a6 21.Ba4 Nc4 22.Qe2 b5
23.Bc2 Qa5+ 24.Kf1 Qxa2 25.d5 Bxd5 26.Nxd5 exd5 27.e6 Rhe8 28.Rf3 Qxc2 29.Rxf7+ Kg8
30.Qxc2 Ne3+ 31.fxe3 Rxc2 32.Rxd5 Rxe6 33.Ra7 Rc8 34.Rdd7 Rb8  1/2-1/2

[Event "Rubinstein mem"]
[Site "Polanica Zdroj"]
[Date "1974.??.??"]
[Round "6"]
[White "Knaak, Rainer"]
[Black "Garcia Martinez, Silvino"]
[Result "0-1"]
[WhiteElo "2515"]
[BlackElo "2400"]

1.d4 Nf6 2.c4 g6 3.Nc3 d5 4.cxd5 Nxd5 5.e4 Nxc3 6.bxc3 Bg7 7.Bc4 O-O 8.Ne2 c5
9.O-O Nc6 10.Be3 Qc7 11.Rc1 Rd8 12.Bf4 Qd7 13.dxc5 Qe8 14.Bd5 Bd7 15.Qd3 Bf8
16.Qe3 Rdc8 17.Ng3 e6 18.Bxc6 Rxc6 19.e5 Bxc5 20.Qd2 Be7 21.Bg5 Rc4 22.Rfe1 Bc6
23.Qe3 Bxg5 24.Qxg5 Qd8 25.Qh6 Qd5 26.f3 Qc5+ 27.Kh1 Rxc3 28.Qg5 f6  0-1

[Event "Rimavska Sobota"]
[Site "Rimavska Sobota"]
[Date "1974.??.??"]
[Round "5"]
[White "Minev, Nikolay N"]
[Black "Banas, Jan"]
[Result "1/2-1/2"]
[WhiteElo "2455"]
[BlackElo "2325"]

1.d4 Nf6 2.c4 g6 3.Nc3 d5 4.cxd5 Nxd5 5.e4 Nxc3 6.bxc3 Bg7 7.Bc4 O-O 8.Ne2 c5
9.O-O Nc6 10.Be3 Qc7 11.Rc1 Rd8 12.Qd2 b6 13.Bh6 Bb7 14.Bxg7 Kxg7 15.f4 cxd4
16.cxd4 Qd6 17.d5 Na5 18.Bb5 e6 19.Qb2+ Kg8 20.dxe6 Qxe6 21.Ng3 a6 22.f5 Qd6
23.fxg6 hxg6 24.Rf6 Qd2 25.Qxd2 Rxd2 26.Bf1 b5 27.Rc7 Rf8 28.h4 Rxa2 29.h5 gxh5
30.Rf5 Bc8 31.Rg5+ Kh7 32.Rxh5+ Kg6 33.Rhc5 Be6 34.Ra7 Rc8 35.Rxc8 Bxc8 36.Nf5 Bxf5
37.exf5+ Kxf5 38.Rxf7+ Kg5 39.Ra7 Nb3 40.Bd3 Ra1+ 41.Kf2 Nc1 42.Bxb5 Ra2+
43.Ke3 axb5 44.Rxa2 Nxa2 45.Kd4 Kf5 46.Kc5 b4 47.Kc4  1/2-1/2

[Event "Rimavska Sobota"]
[Site "Rimavska Sobota"]
[Date "1974.??.??"]
[Round "14"]
[White "Jankovec, Ivan"]
[Black "Ornstein, Axel"]
[Result "1/2-1/2"]
[WhiteElo "2315"]
[BlackElo "2430"]

1.d4 Nf6 2.c4 g6 3.Nc3 d5 4.cxd5 Nxd5 5.e4 Nxc3 6.bxc3 Bg7 7.Bc4 c5 8.Ne2 Nc6
9.Be3 O-O 10.O-O Qc7 11.Rc1 Rd8 12.Qa4 b6 13.f4 Na5 14.Bd3 f5 15.exf5 gxf5
16.d5 c4 17.Bb1 Qd7 18.Qc2 Bb7 19.Ng3 e6 20.dxe6 Qxe6 21.Qf2 Rd3 22.Bxd3 cxd3
23.Bd4 Rd8 24.Rce1 Bxd4 25.cxd4 Qd7 26.Re3 d2 27.Rd1 Nc4 28.Re2 Qxd4 29.Re8+ Kf7
30.Re7+ Kg6 31.Rxb7 Ne3 32.Rxd2 Qxd2 33.Qxd2 Rxd2 34.Rxa7 Rxg2+ 35.Kh1 Rb2
36.h4 h5 37.Re7 Ng2 38.Re6+ Kf7 39.Rh6 Ne1 40.Kg1  1/2-1/2

[Event "Stary Smokovec"]
[Site "Stary Smokovec"]
[Date "1974.??.??"]
[Round "9"]
[White "Peev, Peicho Chonev"]
[Black "Adamski, Jan"]
[Result "1/2-1/2"]
[WhiteElo "2425"]
[BlackElo "2405"]

1.d4 Nf6 2.c4 g6 3.Nc3 d5 4.cxd5 Nxd5 5.e4 Nxc3 6.bxc3 Bg7 7.Bb5+ Bd7 8.Bc4 O-O
9.Ne2 c5 10.O-O Nc6 11.Be3 Rc8 12.Rc1 cxd4 13.cxd4 Qa5 14.f4 Qb4 15.Qd3 Na5
16.Bd2 Qa4 17.Bxa5 Qxa5 18.f5 b5 19.Bb3 Rxc1 20.Rxc1 gxf5 21.exf5 Rc8 22.Rf1 b4
23.Qe4 Qd8 24.Nf4 Bb5 25.f6 exf6 26.Rd1 Qe8 27.Qf3 Rc3 28.Qh5 Bc4 29.Nd5 Bxd5
30.Qxd5 Re3 31.Kf1 Kh8 32.Qf5 Qe4 33.Qf2 f5 34.Bc2 Qe7 35.d5 Re5 36.d6 Qd7
37.Qf4 Rc5 38.Bb3 a5 39.Bxf7 Rc8 40.Bc4 Rd8 41.Qg5 a4 42.Qe7 Bf8 43.Qe5+ Qg7
44.Qe6 Qg6 45.d7 Qxe6 46.Bxe6 f4 47.Rd4 Kg7 48.Rxf4 Bd6 49.Rf7+ Kg6 50.g3 Rb8
51.Rf2 Be5 52.Bf5+ Kg7 53.Bc2 b3 54.axb3 a3 55.Bb1 Rd8 56.Rd2 Bb2 57.Rd6 Kf8
58.Ke2 h5 59.Rd5 h4 60.g4 Ke7 61.h3 Rxd7 62.Rxd7+ Kxd7 63.Kd3 Kc6 64.Kc4 Bc1
65.b4 Bd2 66.Kb3 a2 67.Bxa2 Kb5 68.Kc2 Bxb4 69.Kd3 Kc6 70.Ke4 Kd7 71.Kf5 Ke8  1/2-1/2

[Event "SWE-ch"]
[Site "?"]
[Date "1974.??.??"]
[Round "7"]
[White "Niklasson, Christer"]
[Black "Dahlin, Gunnar"]
[Result "1-0"]
[WhiteElo "2200"]
[BlackElo "2200"]

1.d4 Nf6 2.c4 g6 3.Nc3 d5 4.cxd5 Nxd5 5.e4 Nxc3 6.bxc3 Bg7 7.Bc4 O-O 8.Ne2 Qd7
9.O-O b6 10.Bg5 Bb7 11.f3 Nc6 12.Rc1 Na5 13.Bd3 c5 14.d5 e6 15.c4 b5 16.dxe6 Qxe6
17.cxb5 c4 18.Bc2 Qe5 19.Bd2 Qxb5 20.Ba4 Qc5+ 21.Kh1 Rfd8 22.Qe1 Nc6 23.Nf4 Qa3
24.Bb5 Qxa2 25.Nd5 Ne5 26.Bg5 Nd3 27.Bxc4 Nxe1 28.Bxa2 Nd3 29.Rcd1 f6 30.Nxf6+ Kh8
31.Nd5 Rdc8 32.Rxd3 Ba6 33.Rdd1 Bxf1 34.Rxf1 Rc2 35.Nb4 Rb2 36.Bd5 Rb8 37.Nc6 R8b6
38.h4 Rc2 39.Rd1 h6 40.Be3 Rbb2 41.e5 Rxg2 42.e6 Rh2+ 43.Kg1 Rbg2+ 44.Kf1 Re2
45.e7 Rxe3 46.Be4  1-0

[Event "Vejle op"]
[Site "Vejle"]
[Date "1974.??.??"]
[Round "7"]
[White "Holst, Per"]
[Black "Rath, Ulrik"]
[Result "1/2-1/2"]
[WhiteElo "2230"]
[BlackElo "2200"]

1.d4 Nf6 2.c4 g6 3.Nc3 d5 4.cxd5 Nxd5 5.e4 Nxc3 6.bxc3 Bg7 7.Bc4 c5 8.Ne2 Nc6
9.Be3 O-O 10.O-O Qc7 11.Rc1 Rd8 12.f4 Bg4 13.f5 gxf5 14.h3 Bxe2 15.Qxe2 cxd4
16.cxd4  1/2-1/2

[Event "BCF-ch"]
[Site "Morecambe"]
[Date "1975.08.15"]
[Round "11"]
[White "Haygarth, Michael J"]
[Black "McKay, Roderick M"]
[Result "1/2-1/2"]
[WhiteElo "2335"]
[BlackElo "2335"]

1.d4 Nf6 2.c4 g6 3.Nc3 d5 4.cxd5 Nxd5 5.e4 Nxc3 6.bxc3 Bg7 7.Bc4 c5 8.Ne2 Nd7
9.O-O Qc7 10.Bb3 O-O 11.Be3 b6 12.Rc1 Ba6 13.Re1 Rad8 14.Nf4 Bb7 15.f3 b5
16.Qd2  1/2-1/2

[Event "IBM"]
[Site "Amsterdam"]
[Date "1975.??.??"]
[Round "5"]
[White "Gheorghiu, Florin"]
[Black "Szabo, Laszlo"]
[Result "1/2-1/2"]
[WhiteElo "2540"]
[BlackElo "2545"]

1.d4 g6 2.c4 Nf6 3.Nc3 d5 4.cxd5 Nxd5 5.e4 Nxc3 6.bxc3 Bg7 7.Bc4 O-O 8.Ne2 c5
9.O-O Nc6 10.Be3 cxd4 11.cxd4 Bg4 12.f3 Na5 13.Rc1 Nxc4 14.Rxc4 Bd7 15.Qb3 Qa5
16.Rfc1 Rac8 17.Kf2 Rxc4 18.Rxc4 Rc8 19.Rxc8+ Bxc8 20.d5 Qc7 21.Qa4 Bf8 22.Qxa7 Qxh2
23.Bf4 Qh4+ 24.Bg3 Qf6 25.Qa5 Bd7 26.Qc7 Bb5 27.Be5 Qa6 28.Qc2  1/2-1/2

[Event "IBM"]
[Site "Amsterdam"]
[Date "1975.??.??"]
[Round "11"]
[White "Szabo, Laszlo"]
[Black "Uhlmann, Wolfgang"]
[Result "1/2-1/2"]
[WhiteElo "2545"]
[BlackElo "2535"]

1.d4 Nf6 2.c4 g6 3.Nc3 d5 4.cxd5 Nxd5 5.e4 Nxc3 6.bxc3 Bg7 7.Bc4 O-O 8.Ne2 Nc6
9.O-O b6 10.Be3 Bb7 11.Qd2 Na5 12.Bd3 c5 13.Bh6 cxd4 14.Bxg7 Kxg7 15.cxd4 Rc8
16.Rac1 Qd7 17.d5 e6 18.Nf4 exd5 19.Nh5+ gxh5 20.Qg5+ Kh8 21.Qf6+ Kg8  1/2-1/2

[Event "CSR-ch"]
[Site "Brno"]
[Date "1975.??.??"]
[Round "10"]
[White "Pribyl, Josef"]
[Black "Schmidt, Wlodzimierz"]
[Result "1/2-1/2"]
[WhiteElo "2455"]
[BlackElo "2465"]

1.d4 Nf6 2.c4 g6 3.Nc3 d5 4.cxd5 Nxd5 5.e4 Nxc3 6.bxc3 Bg7 7.Bc4 O-O 8.Ne2 c5
9.O-O Nc6 10.Be3 Qc7 11.Rc1 Rd8 12.Bf4 Qd7 13.d5 Na5 14.Bd3 b5 15.Rb1 a6
16.Qc1 e5 17.Bg5 f6 18.Be3 c4 19.Bc2 Qc7 20.f4 Nb7 21.fxe5 fxe5 22.Qe1 Bd7
23.Qh4 Rf8 24.Rf3 Rxf3 25.gxf3 Rf8 26.Kg2  1/2-1/2

[Event "BUL-ch"]
[Site "?"]
[Date "1975.??.??"]
[Round "11"]
[White "Radev, Nikolai"]
[Black "Orev, Petar"]
[Result "1-0"]
[WhiteElo "2405"]
[BlackElo "2375"]

1.d4 Nf6 2.c4 g6 3.Nc3 d5 4.cxd5 Nxd5 5.e4 Nxc3 6.bxc3 Bg7 7.Bc4 c5 8.Ne2 O-O
9.O-O Nc6 10.Be3 cxd4 11.cxd4 Na5 12.Bd3 b6 13.Rc1 Bb7 14.d5 Qd7 15.Nd4 Rfc8
16.Qd2 e6 17.Bb5 Qd6 18.Nc6 Bxc6 19.dxc6 Qc7 20.Qd7 Qe5 21.c7 Qxe4 22.Ba6 Nb7
23.Rc4 Qd5 24.Rd1 Nc5 25.Rxd5  1-0

[Event "BUL-ch"]
[Site "?"]
[Date "1975.??.??"]
[Round "15"]
[White "Peev, Peicho Chonev"]
[Black "Spiridonov, Nikola"]
[Result "0-1"]
[WhiteElo "2450"]
[BlackElo "2450"]

1.d4 Nf6 2.c4 g6 3.Nc3 d5 4.cxd5 Nxd5 5.e4 Nxc3 6.bxc3 Bg7 7.Bb5+ c6 8.Ba4 O-O
9.Ne2 b6 10.O-O Ba6 11.Be3 Qc7 12.f4 f5 13.Bb3+ Kh8 14.e5 c5 15.Rf3 c4 16.Bc2 Bb7
17.Rh3 Qc6 18.Qf1 Na6 19.Kh1 Nc7 20.Ng1 Ne6 21.Bd1 Qd7 22.Qf2 Rf7 23.Be2 Bd5
24.Nf3 Qa4 25.Bd1 Qc6 26.Ne1 Qb7 27.a4 Kg8 28.Nc2 Nc7 29.Bc1 e6 30.Ne3 a6
31.Kg1 b5 32.Ba3 Be4 33.Bf3 Bf8 34.Bxf8 Raxf8 35.Qb2 Nd5 36.Nxd5 Bxd5 37.axb5 axb5
38.Bxd5 Qxd5 39.Ra6 Ra8 40.Rd6 Qe4 41.Rf3 Rfa7  0-1

[Event "URS-ch otbor"]
[Site "Cheliabinsk"]
[Date "1975.??.??"]
[Round "?"]
[White "Razuvaev, Yuri S"]
[Black "Gorshkov, Y."]
[Result "1-0"]
[WhiteElo "2515"]
[BlackElo "2200"]

1.d4 Nf6 2.c4 g6 3.Nc3 d5 4.cxd5 Nxd5 5.e4 Nxc3 6.bxc3 Bg7 7.Bc4 c5 8.Ne2 Nc6
9.Be3 O-O 10.O-O Na5 11.Bd3 b6 12.Rc1 cxd4 13.cxd4 e6 14.Qa4 Qd7 15.Bb5 Qb7
16.f3 a6 17.Bd3 Bd7 18.Qb4 Rfc8 19.d5 exd5 20.exd5 Re8 21.Qxb6 Bb5 22.Rfd1 Bh6
23.f4 Qxb6 24.Bxb6 Bxd3 25.Rxd3 Rxe2 26.Bxa5 Bxf4 27.Rc6 Rxa2 28.Bc3 Rb8
29.Rd1 Rc2 30.g3 Bd6 31.Bf6 Rxc6 32.dxc6 Bc7 33.Rd7 Rc8 34.Kf1 h6 35.Ke2 g5
36.Bd4 a5 37.Kd3 a4 38.Kc4 a3 39.Kb3 Bd8 40.Kxa3 Kf8 41.Kb4 Ke8 42.Kb5 Bc7
43.Bc5 Bd8 44.Bb6 Ra8 45.Bxd8 Rxd8 46.Rxd8+  1-0

[Event "HUN-ch"]
[Site "?"]
[Date "1975.??.??"]
[Round "?"]
[White "Lukacs, Peter"]
[Black "Sax, Gyula"]
[Result "0-1"]
[WhiteElo "2385"]
[BlackElo "2510"]

1.d4 Nf6 2.c4 g6 3.Nc3 d5 4.cxd5 Nxd5 5.e4 Nxc3 6.bxc3 Bg7 7.Bc4 O-O 8.Ne2 b6
9.O-O Bb7 10.Qd3 a6 11.a4 b5 12.Ba2 Nd7 13.axb5 axb5 14.Ng3 b4 15.Qb5 Rb8
16.Qc4 c5 17.Be3 Rc8 18.dxc5 bxc3 19.Rad1 Bc6 20.Bd4 Qa5 21.Bxg7 Kxg7 22.Rb1 Qxc5
23.Rfc1 Ba8 24.Rb4 Qg5 25.Qd4+ e5 26.Qe3 Qxe3 27.fxe3 Rc7 28.Bd5 Nf6 29.Bxa8 Rxa8
30.Rb3 Rac8 31.h3 h5 32.Rb5 Rc5 33.Rb4 c2  0-1

[Event "HUN-ch"]
[Site "?"]
[Date "1975.??.??"]
[Round "?"]
[White "Petran, Pal"]
[Black "Adorjan, Andras"]
[Result "1/2-1/2"]
[WhiteElo "2390"]
[BlackElo "2515"]

1.d4 Nf6 2.c4 g6 3.Nc3 d5 4.cxd5 Nxd5 5.e4 Nxc3 6.bxc3 Bg7 7.Bc4 O-O 8.Ne2 b6
9.h4 Nc6 10.Bg5 Na5 11.Bd3 h6 12.Be3 h5 13.Rc1 e5 14.Qd2 c6 15.f4 exf4 16.Nxf4 c5
17.e5 Bg4 18.O-O Qd7 19.Qf2 Rac8 20.Ba6 Rcd8 21.Qb2 Qc6 22.Bb5 Qe4 23.Rce1 Qb7
24.Bd3 Qd7 25.Bb5 Qc8 26.Qf2 a6 27.Bd3 Qc6 28.Qg3 cxd4 29.cxd4 Nc4 30.d5 Qa4
31.Bxc4 Qxc4 32.Bxb6 Rde8 33.e6 fxe6 34.dxe6 Rf6 35.Be3 Qxa2 36.Bd4 Rff8
37.Bxg7 Kxg7 38.Qc3+ Kh6 39.Qe3 Kh7 40.Qa7+ Kh6 41.Qe3 Kh7 42.Qd4 Kh6 43.Nd5 Rxf1+
44.Rxf1 Bxe6 45.Qe3+ Kg7 46.Qe5+ Kh6 47.Nf6 Qxg2+ 48.Kxg2 Bh3+ 49.Kxh3 Rxe5  1/2-1/2

[Event "HUN-ch"]
[Site "?"]
[Date "1975.??.??"]
[Round "?"]
[White "Lukacs, Peter"]
[Black "Vadasz, Laszlo"]
[Result "1-0"]
[WhiteElo "2385"]
[BlackElo "2460"]

1.d4 Nf6 2.c4 g6 3.Nc3 d5 4.cxd5 Nxd5 5.e4 Nxc3 6.bxc3 Bg7 7.Bc4 O-O 8.Ne2 c5
9.O-O Nc6 10.Be3 Na5 11.Bd3 b6 12.Qd2 Bb7 13.Bh6 e6 14.Rad1 cxd4 15.cxd4 Rc8
16.Qf4 Qe7 17.Bxg7 Kxg7 18.Rc1 Qa3 19.Qg3 Rxc1 20.Rxc1 Nc6 21.h4 Rd8 22.h5 Qe7
23.Bb5 Rc8 24.Bxc6 Rxc6 25.Rxc6 Bxc6 26.d5 Bd7 27.d6 Qf6 28.e5 Qf5 29.Nd4 Qxh5
30.Qf4 Kf8 31.Nf3 Qf5 32.Qc1 Qd3 33.Qc7 Bb5 34.Qd8+ Kg7 35.Qf6+ Kg8 36.Qh4 Kg7
37.Kh2 h6 38.Qf6+ Kg8 39.Qf4 Bc6 40.Qxh6 Qe2 41.Qh4  1-0

[Event "DSV-Turnier"]
[Site "Leipzig"]
[Date "1975.??.??"]
[Round "3"]
[White "Gerusel, Mathias"]
[Black "Tukmakov, Vladimir B"]
[Result "1/2-1/2"]
[WhiteElo "2440"]
[BlackElo "2570"]

1.d4 Nf6 2.c4 g6 3.Nc3 d5 4.cxd5 Nxd5 5.e4 Nxc3 6.bxc3 Bg7 7.Bc4 c5 8.Ne2 Nc6
9.Be3 O-O 10.O-O Na5 11.Bd3 b6 12.Qd2 Bb7 13.Bh6 cxd4 14.Bxg7 Kxg7 15.cxd4 e6
16.Rac1 Qe7 17.Rc2 Rac8 18.Rfc1 Rxc2 19.Rxc2 Rd8 20.Qc1 Qd6 21.Rc7 Rd7 22.Rxd7 Qxd7
23.h4 Nc6 24.h5 f6 25.hxg6 hxg6 26.Qc3 Qd6 27.a3 a6 28.Bc2 b5 29.e5 fxe5
30.Qg3 Ne7 31.dxe5 Qd2 32.Qh4 Nd5 33.Qe4 Qe1+ 34.Kh2 Qxf2 35.Qxg6+ Kf8 36.Qh6+ Ke7
37.Qh7+ Kd8 38.Ng3 Bc6 39.Be4 Qf4 40.Qg8+ Kd7 41.Qg7+ Kd8 42.Qg8+  1/2-1/2

[Event "Manila"]
[Site "Manila"]
[Date "1975.??.??"]
[Round "10"]
[White "Gligoric, Svetozar"]
[Black "Ogaard, Leif"]
[Result "1-0"]
[WhiteElo "2575"]
[BlackElo "2460"]

1.d4 Nf6 2.c4 g6 3.Nc3 d5 4.cxd5 Nxd5 5.e4 Nxc3 6.bxc3 Bg7 7.Bc4 O-O 8.Ne2 c5
9.O-O Nc6 10.Be3 Qc7 11.Rc1 Rd8 12.Qd2 Qa5 13.Rfd1 Bd7 14.Bh6 cxd4 15.Bxg7 Kxg7
16.Qf4 Be8 17.cxd4 e5 18.dxe5 Rxd1+ 19.Rxd1 Qxe5 20.Qxe5+ Nxe5 21.Bd5 Rc8
22.f4 Ng4 23.Bb3 Bc6 24.Nc3 Nf6 25.e5 Ng8 26.Nd5 Rd8 27.g4 f6 28.Kf2 fxe5
29.fxe5 g5 30.Nc7 Rxd1 31.Bxd1 h6 32.Ke3 Ne7 33.Kd4 b6 34.Ne6+ Kh8 35.a3 Bg2
36.Nd8 Kg7 37.Ba4 Bf3 38.Bd7 Bg2 39.Ke3 Bh1 40.Ne6+ Kf7 41.Nd4 Ng6 42.Bc6 Bxc6
43.Nxc6 a6 44.Ke4 Ke6 45.Nd4+ Ke7 46.Kd5 Nf4+ 47.Kc6 Nd3 48.Kxb6 Nf2 49.Nf5+  1-0

[Event "URS-JUG"]
[Site "Odessa"]
[Date "1975.??.??"]
[Round "2"]
[White "Gligoric, Svetozar"]
[Black "Vaganian, Rafael A"]
[Result "1-0"]
[WhiteElo "2575"]
[BlackElo "2530"]

1.d4 Nf6 2.c4 g6 3.Nc3 d5 4.cxd5 Nxd5 5.e4 Nxc3 6.bxc3 Bg7 7.Bc4 O-O 8.Ne2 Qd7
9.O-O b6 10.Qd3 Bb7 11.e5 Nc6 12.Nf4 e6 13.Qh3 Na5 14.Be2 c5 15.Be3 cxd4
16.cxd4 Rfd8 17.Rad1 Qe7 18.Qg3 Rac8 19.h4 Rc3 20.h5 Be4 21.hxg6 hxg6 22.Nh3 Bh6
23.Ng5 Bxg5 24.Qxg5 Qxg5 25.Bxg5 Rdc8 26.f3 Bd5 27.Kf2 Kf8 28.Rh1 Ke8 29.Bb5+ Nc6
30.Rh8+ Kd7 31.Rh7 Rc2+ 32.Kg3 Rf8 33.Bh6 Re8 34.Rxf7+ Re7 35.Rf6 Rxa2 36.Bf8 Rh7
37.Bd3 Ne7 38.Rc1 a6 39.Bxg6 Nxg6 40.Rxg6 Ra4 41.Bd6 Rc4 42.Rxc4 Bxc4 43.Kf4 a5
44.g4 Rh3 45.Rg7+ Ke8 46.Re7+ Kd8 47.g5 Bd5 48.g6 Rxf3+ 49.Kg4 Rf1 50.g7 Rg1+
51.Kf4 Bc6 52.Rf7 Be8 53.Bc7+ Kc8 54.Re7 Bd7 55.Bxb6 a4 56.d5  1-0

[Event "URS-chT"]
[Site "Riga"]
[Date "1975.??.??"]
[Round "?"]
[White "Gorniak, Yury Yurievich"]
[Black "Sideif Sade, Fikret I"]
[Result "0-1"]
[WhiteElo "2200"]
[BlackElo "2200"]

1.d4 Nf6 2.c4 g6 3.Nc3 d5 4.cxd5 Nxd5 5.e4 Nxc3 6.bxc3 Bg7 7.Bc4 c5 8.Ne2 Nc6
9.Be3 O-O 10.O-O Qc7 11.Rc1 Rd8 12.f4 Bg4 13.Qe1 Qa5 14.d5 b5 15.Bb3 c4 16.Bd1 Bxe2
17.Bxe2 Nb8 18.e5 Nd7 19.Bf3 Rac8 20.Qf2 f6 21.e6 Nb6 22.Rfd1 f5 23.Bc5 Bf6
24.d6 exd6 25.Bxd6 Na4 26.e7 Re8 27.Bb7 Nxc3 28.Bxc8 Rxc8 29.Qc5 Re8 30.Re1 Ne4
31.Qd5+ Kg7 32.Bc5 Qc7 33.Bd4 Qxe7 34.Bxf6+ Qxf6 35.h3 h6 36.Rcd1 Re7 37.Qd8 Rf7
38.Qd5 Qb6+ 39.Kh2 Re7 40.Qd8 Qxd8 41.Rxd8 c3 42.Rc8 b4 43.Rb8 a5 44.a3 bxa3
45.Rb3 Rc7 46.Rxa3 Rc5 47.Rea1 Kf6 48.Rxa5 Rxa5 49.Rxa5 Ke6 50.g4 h5 51.Kg2 h4
52.gxf5+ gxf5 53.Ra1 Kd5 54.Kf3 Kd4 55.Rd1+ Kc4 56.Ke3 c2 57.Rg1 Kc3 58.Rh1 Nc5  0-1

[Event "URS-chT"]
[Site "Riga"]
[Date "1975.??.??"]
[Round "?"]
[White "Kakageldyev, Amanmurad"]
[Black "Mukhin, Mikhail A"]
[Result "1/2-1/2"]
[WhiteElo "2395"]
[BlackElo "2465"]

1.d4 Nf6 2.c4 g6 3.Nc3 d5 4.cxd5 Nxd5 5.e4 Nxc3 6.bxc3 Bg7 7.Bc4 O-O 8.Ne2 c5
9.O-O Nc6 10.Be3 cxd4 11.cxd4 Bg4 12.f3 Na5 13.Bd3 Be6 14.d5 Bxa1 15.Qxa1 f6
16.Qd4 Bd7 17.Rb1 b6 18.e5 fxe5 19.Qxe5 Qb8 20.Qxe7 Qe8 21.Bg5 Rf7 22.Qb4 Rc8
23.Be4 Nc4 24.Rc1 a5 25.Qc3 b5 26.h4 Qf8 27.h5 Bf5 28.Qd4 a4 29.d6 Bxe4 30.d7 Rxd7
31.Qxd7 Qc5+ 32.Kh1 Bf5 33.Qb7 Rc7 34.Qb8+ Rc8 35.Qb7 Rc7 36.Qb8+ Rc8  1/2-1/2